Tesoros de la National Gallery Washington (Record no. 4569)

MARC details
000 -CABECERA
campo de control de longitud fija 01216nam a2200301 a 4500
001 - NÚMERO DE CONTROL
campo de control BRCA_4875
005 - FECHA Y HORA DE LA ÚLTIMA TRANSACCIÓN
campo de control 20190320204836.0
008 - DATOS DE LONGITUD FIJA--INFORMACIÓN GENERAL
campo de control de longitud fija 140110s1964----mx-af#####---#000-0#spa-#
041 ## - CÓDIGO DE LENGUA
Código de lengua del texto/banda sonora o título independiente spa
044 ## - CÓDIGO DEL PAÍS DE LA ENTIDAD EDITORA/PRODUCTORA
Código MARC del país mx
050 #4 - SIGNATURA TOPOGRÁFICA DE LA BIBLIOTECA DEL CONGRESO
Número de clasificación ND1311
Número de documento/Ítem .W35 1964
100 1# - ENTRADA PRINCIPAL--NOMBRE DE PERSONA
Nombre de persona Walker, John
9 (RLIN) 12342
245 10 - MENCIÓN DE TÍTULO
Título Tesoros de la National Gallery Washington
Mención de responsabilidad, etc. John Walker ; traducción de Juan Massot Gimeno ; revisión y dirección Teodoro Miciano.
250 ## - MENCIÓN DE EDICIÓN
Mención de edición 2
260 ## - PUBLICACIÓN, DISTRIBUCIÓN, ETC.
Lugar de publicación, distribución, etc. Barcelona : México
Nombre del editor, distribuidor, etc. Daimon : Manuel Tamayo
Fecha de publicación, distribución, etc. 1964
300 ## - DESCRIPCIÓN FÍSICA
Extensión 336 p.
Otras características físicas il., 111 láminas blanco y negro y 271 láminas a color
Dimensiones 22 cm.
440 #0 - MENCIÓN DE SERIE/PUNTO DE ACCESO ADICIONAL--TÍTULO
Título Colección Tesoros de los grandes museos
9 (RLIN) 12343
500 ## - NOTA GENERAL
Nota general Incluye índice de ilustraciones e índice de nombres citados
500 ## - NOTA GENERAL
Nota general Traducción de: Trésors de la peinture á la National Gallery de Washington
500 ## - NOTA GENERAL
Nota general Donación Dr. Héctor Rivero Borrell Vázquez
610 24 - PUNTO DE ACCESO ADICIONAL DE MATERIA--NOMBRE DE ENTIDAD CORPORATIVA
Nombre de entidad corporativa o nombre de jurisdicción como elemento de entrada National Gallery Washington
Subdivisión de forma Catálogos
9 (RLIN) 12344
650 14 - PUNTO DE ACCESO ADICIONAL DE MATERIA--TÉRMINO DE MATERIA
Término de materia o nombre geográfico como elemento de entrada Pintura de retratos americanos
Subdivisión de forma Catálogos
9 (RLIN) 3171
650 14 - PUNTO DE ACCESO ADICIONAL DE MATERIA--TÉRMINO DE MATERIA
Término de materia o nombre geográfico como elemento de entrada Pintura de retratos
Subdivisión de forma Catálogos
Subdivisión geográfica Washington
9 (RLIN) 12345
700 1# - PUNTO DE ACCESO ADICIONAL--NOMBRE DE PERSONA
Nombre de persona Massot Gimeno, Juan
Término indicativo de función/relación Traductor
9 (RLIN) 12346
700 1# - PUNTO DE ACCESO ADICIONAL--NOMBRE DE PERSONA
Nombre de persona Miciano, Teodoro
9 (RLIN) 12347
902 ## - CATALOGADOR
Iniciales DHR
942 ## - ELEMENTOS DE PUNTO DE ACCESO ADICIONAL (KOHA)
Fuente del sistema de clasificación o colocación Library of Congress Classification
Tipo de ítem Koha Libros
Holdings
Estado de retiro Estado de pérdida Estado dañado No para préstamo Localización permanente Ubicación/localización actual Fecha de adquisición Total de préstamos Signatura topográfica completa Código de barras Fecha visto por última vez Precio válido a partir de Tipo de ítem Koha
El ejemplar forma parte de la colección y puede ser consultado según las políticas vigentes.       Biblioteca del Museo Franz Mayer (Rogerio Casas-Alatriste) Biblioteca del Museo Franz Mayer (Rogerio Casas-Alatriste) 14/10/2010   ND1311 .W35 1964 DHR00008 22/03/2019 22/03/2019 Libros